| 000 | 00417nam a2200157 a 4500 | ||
|---|---|---|---|
| 005 | 20140310183204.0 | ||
| 008 | 030130s19uu xx 00 eng d | ||
| 050 |
_aPZ 7 _b.Er69 1987 |
||
| 100 | _aErlbach, Arlene | ||
| 245 |
_aGuys, dating and other disasters / _cArlene Erlbach. |
||
| 260 |
_aUSA : _bCrosswinds, _c1987. |
||
| 300 |
_a157 p. : _c18 cm. |
||
| 650 | _aFiction | ||
| 942 |
_cBK _2lcc |
||
| 999 |
_c19936 _d19936 |
||